Statistiken für Borussia Dortmund: Meistermannschaft 2001/2002

Klicken Sie hier um das Quiz zu spielen!

Allgemein

  • Dieses Quiz wurde 85 mal gespielt
  • Das Durchschnittsergebnis liegt bei 13 aus 26

Antwortstatistiken

PositionEinsätzeNationSpieler% Korrekt
ST33TschechienJan Koller
93%
VER28BrasilienDede
90%
MF30TschechienTomas Rosicky
88%
ST31BrasilienMarcio Amoroso
84%
Trainer-DeutschlandMatthias Sammer
83%
TW30DeutschlandJens Lehmann
78%
MF15DeutschlandSebastian Kehl
72%
MF28DeutschlandLars Ricken
71%
VER22DeutschlandJürgen Kohler
68%
ST27BrasilienEwerthon
65%
MF8Ghana/
Deutschland
Otto Addo
61%
VER29DeutschlandChristian Wörns
59%
VER27BrasilienEvanilson
57%
MF28DeutschlandStefan Reuter
51%
VER25DeutschlandChristoph Metzelder
43%
MF18NigeriaSunday Oliseh
43%
VER7Frankreich/
Algerien
Ahmed Madouni
25%
MF16DeutschlandJörg Heinrich
25%
ST2DeutschlandDavid Odonkor
22%
ST3DeutschlandFredi Bobic
22%
ST6Deutschland/
Italien
Giuseppe Reina
22%
MF24Serbien
(Jugoslawien)
Miroslav Stevic
22%
ST10DeutschlandHeiko Herrlich
19%
TW5DeutschlandPhilipp Laux
19%
ST15NorwegenJan-Derek Sörensen
16%
MF1DeutschlandFrancis Bugri
6%

Verteilung der Resultate

Perzentil nach korrekt beantworteten Fragen

Anzahl Personen mit jedem Resultat

Ihre Resultats-Entwicklung

Sie haben dieses Quiz noch nicht gespielt